000 00661nam a2200229Ia 4500
003 OSt
005 20221005133817.0
006 a|||||r|||| 00| 0
007 ta
008 221004b |||||||| |||| 00| 0 pan d
024 _a27689
037 _cTextual
040 _aCRL
_cCRL
_bpan
041 _2pan
_apan
082 _aQ8441wI69, 153J0
100 _aਸਿੰਘ, ਵੀਰ
245 0 _aਪੁਰਾਤਨ ਜਨਮ ਸਾਖੀ
_b ਸ੍ਰੀ ਗੁਰੂ ਨਾਨਕ ਦੇਵ ਜੀ
260 _c1950
650 _aਧਰਮ
942 _hQ8441wI69, 153J0
_cTEXL
_2cc
999 _c1067951
_d1067951